000 00754nam a2200181Ia 4500
008 100920s9999 xx 000 0 und d
082 _b53665
_a37 थ 88
100 _aशहा प्रकाश.
245 _aकुशल वायरमन - इलेक्ट्रिशियन.
260 _bअर्न विद्युत शाळा प्रकाशन , पुणे.
_c1988
300 _a252
_bसाधी
365 _b30
520 _aुउदयोजक विभाग.
630 _aकुशल वायरमन - इलेक्ट्रिशियन.
650 _aुउदयोजक विभाग.
730 _aकुशल वायरमन - इलेक्ट्रिशियन.
942 _cBOOK
999 _c698662
_d698659